000 00713nam a2200217 a 4500
001 1565
003 BR-CuiBMT
005 20231217140510.0
008 231215s2016 mtba 000 0 por d
020 _a9788592507008
040 _aBR-CuiBMT
_cBR-CuiBMT
080 _22007
_x(811)
_a502.2
090 _a502.2(811)
_bR382
245 0 0 _aRelatório executivo Projeto Olhos D'Água da Amazônia :
_bfase II /
_cJosé Alesando Rodrigues (organizador).
260 _aAlta Floresta :
_bQuintino,
_c2016.
300 _a143 p. :
_bil. color. ;
_c20 cm
650 _aProjeto Olhos D'Água
_vRelatórios
_zAmazônia
650 _aMeio ambiente
_xProjetos
_zBrasil
700 1 _aRodrigues, José Alesando
_4org.
942 _2udc
_cLV
999 _c1565
_d1565